[Event "World Youth & Cadets Blitz Championships"]
[Site "Rhodes, Greece"]
[Date "2022.05.03"]
[Round "5.27"]
[White "Pathak, Raghav"]
[Black "Jakhria, Kushal"]
[Result "1-0"]
[TimeControl "5'/game & 2\"/move"]
[WhiteElo "1415"]
[BlackElo "1367"]

1. e4 {[%clk 00:05:03]} c5 {[%clk 00:05:04]} 2. Nc3 {[%clk 00:05:04]} {[%emt
00:00:02]} Nc6 {[%clk 00:05:05]} {[%emt 00:00:01]} 3. f4 {[%clk 00:05:05]}
{[%emt 00:00:01]} g6 {[%clk 00:05:05]} {[%emt 00:00:02]} 4. Nf3 {[%clk
00:05:06]} {[%emt 00:00:01]} Bg7 {[%clk 00:05:06]} 5. Bc4 {[%clk 00:05:07]}
{[%emt 00:00:01]} e6 {[%clk 00:05:07]} {[%emt 00:00:01]} 6. O-O {[%clk
00:05:06]} {[%emt 00:00:02]} Nge7 {[%clk 00:05:09]} 7. Qe1 {[%clk 00:05:06]}
{[%emt 00:00:03]} O-O {[%clk 00:05:07]} {[%emt 00:00:05]} 8. f5 {[%clk
00:05:07]} exf5 {[%clk 00:05:05]} {[%emt 00:00:03]} 9. d3 {[%clk 00:05:06]}
{[%emt 00:00:03]} Nd4 {[%clk 00:05:04]} {[%emt 00:00:03]} 10. Qh4 {[%clk
00:04:46]} {[%emt 00:00:21]} Nec6 {[%clk 00:05:04]} {[%emt 00:00:03]} 11. Bg5
{[%clk 00:04:46]} {[%emt 00:00:02]} Qc7 {[%clk 00:04:57]} {[%emt 00:00:09]} 12.
Nd5 {[%clk 00:04:44]} {[%emt 00:00:02]} Qa5 {[%clk 00:04:17]} {[%emt 00:00:43]}
13. Nf6+ {[%clk 00:04:42]} {[%emt 00:00:04]} Bxf6 {[%clk 00:04:04]} {[%emt
00:00:16]} 14. Bxf6 {[%clk 00:04:43]} {[%emt 00:00:02]} h5 {[%clk 00:04:02]}
{[%emt 00:00:04]} 15. Qg5 {[%clk 00:04:39]} {[%emt 00:00:04]} Kh7 {[%clk
00:04:02]} {[%emt 00:00:03]} 16. Qf4 {[%clk 00:04:25]} {[%emt 00:00:15]} Ne2+
{[%clk 00:04:02]} {[%emt 00:00:03]} 17. Kh1 {[%clk 00:04:23]} {[%emt 00:00:04]}
Nxf4 {[%clk 00:04:03]} {[%emt 00:00:01]} 18. Ng5+ {[%clk 00:04:23]} Kg8 {[%clk
00:03:58]} {[%emt 00:00:09]} 19. Rxf4 {[%clk 00:04:24]} Qd2 {[%clk 00:03:59]}
{[%emt 00:00:02]} 20. Raf1 {[%clk 00:04:21]} {[%emt 00:00:03]} b5 {[%clk
00:03:49]} {[%emt 00:00:13]} 21. Bd5 {[%clk 00:04:13]} {[%emt 00:00:11]} Qxc2
{[%clk 00:03:38]} {[%emt 00:00:12]} 22. exf5 {[%clk 00:04:12]} {[%emt
00:00:03]} Qxd3 {[%clk 00:03:27]} {[%emt 00:00:13]} 23. Be4 {[%clk 00:04:11]}
{[%emt 00:00:02]} Qc4 {[%clk 00:03:20]} {[%emt 00:00:09]} 24. fxg6 {[%clk
00:04:10]} {[%emt 00:00:03]} d5 {[%clk 00:03:11]} {[%emt 00:00:12]} 25. gxf7+
{[%clk 00:04:06]} {[%emt 00:00:05]} Rxf7 {[%clk 00:03:12]} {[%emt 00:00:02]} 26.
Bg6 {[%clk 00:04:02]} {[%emt 00:00:05]} Nd4 {[%clk 00:02:53]} {[%emt 00:00:23]}
27. Bxf7+ {[%clk 00:03:53]} {[%emt 00:00:10]} Kf8 {[%clk 00:02:52]} {[%emt
00:00:03]} 28. Bxd4 {[%clk 00:03:37]} {[%emt 00:00:17]} Ke7 {[%emt 00:00:43]}
29. Bf6+ {[%clk 00:03:37]} Kd6 {[%clk 00:02:09]} {[%emt 00:00:06]} 30. Rxc4
{[%clk 00:03:33]} {[%emt 00:00:06]} bxc4 {[%clk 00:02:08]} {[%emt 00:00:03]} 31.
Re1 {[%clk 00:03:26]} {[%emt 00:00:07]} Rb8 {[%clk 00:01:46]} {[%emt 00:00:26]}
32. Be5+ {[%clk 00:03:27]} Ke7 {[%clk 00:01:39]} {[%emt 00:00:10]} 33. Bxb8+
{[%clk 00:03:26]} {[%emt 00:00:02]} Kf6 {[%emt 00:00:06]} 34. h4 {[%clk
00:03:22]} Bb7 {[%clk 00:01:35]} {[%emt 00:00:08]} 35. Re6+ {[%clk 00:03:22]}
{[%emt 00:00:02]} Kf5 {[%clk 00:01:36]} {[%emt 00:00:02]} 36. Bg6+ {[%clk
00:03:18]} {[%emt 00:00:04]} Kg4 {[%clk 00:01:36]} {[%emt 00:00:04]} 37. Re3
{[%clk 00:03:12]} {[%emt 00:00:07]} Kxh4 {[%clk 00:01:26]} {[%emt 00:00:12]} 38.
Bf4 {[%clk 00:03:10]} {[%emt 00:00:03]} Kg4 {[%clk 00:01:16]} {[%emt 00:00:13]}
39. Rf3 {[%clk 00:03:06]} {[%emt 00:00:05]} d4 {[%clk 00:01:16]} {[%emt
00:00:04]} 40. Rf1 {[%clk 00:03:03]} {[%emt 00:00:03]} d3 {[%clk 00:01:16]}
{[%emt 00:00:03]} 41. Bd2 {[%clk 00:02:57]} {[%emt 00:00:07]} Bd5 {[%clk
00:01:03]} {[%emt 00:00:17]} 42. Bf5+ {[%clk 00:02:55]} {[%emt 00:00:03]} Kh4
{[%clk 00:00:56]} {[%emt 00:00:09]} 43. Kh2 {[%clk 00:02:56]} Bxg2 {[%clk
00:00:20]} {[%emt 00:00:38]} 44. Kxg2 {[%clk 00:02:56]} {[%emt 00:00:01]} c3
{[%clk 00:00:16]} {[%emt 00:00:08]} 45. Nf3# {[%clk 00:02:57]} {[%emt
00:00:01]} 1-0

[Event "World Youth & Cadets Blitz Championships"]
[Site "Rhodes, Greece"]
[Date "2022.05.03"]
[Round "5.29"]
[White "Kovacs, Balazs"]
[Black "Safin, Safarullakhan"]
[Result "1-0"]
[TimeControl "5'/game & 2\"/move"]
[WhiteElo "1162"]
[BlackElo "1379"]

1. e4 {[%clk 00:05:03]} e6 {[%clk 00:05:02]} {[%emt 00:00:02]} 2. d4 {[%clk
00:05:04]} {[%emt 00:00:01]} d5 {[%clk 00:05:03]} {[%emt 00:00:01]} 3. e5
{[%clk 00:05:03]} {[%emt 00:00:03]} c5 {[%clk 00:05:05]} {[%emt 00:00:01]} 4.
c3 {[%clk 00:05:04]} Nc6 {[%clk 00:05:06]} {[%emt 00:00:01]} 5. Nf3 {[%clk
00:05:04]} {[%emt 00:00:01]} Qb6 {[%clk 00:05:06]} {[%emt 00:00:01]} 6. a3
{[%clk 00:05:05]} cxd4 {[%clk 00:05:02]} {[%emt 00:00:06]} 7. cxd4 {[%clk
00:05:04]} {[%emt 00:00:04]} Nh6 {[%clk 00:04:58]} {[%emt 00:00:06]} 8. Bd3
{[%clk 00:04:50]} {[%emt 00:00:16]} Bd7 {[%clk 00:04:51]} {[%emt 00:00:09]} 9.
Be3 {[%clk 00:04:21]} {[%emt 00:00:30]} Qxb2 {[%clk 00:04:28]} {[%emt
00:00:24]} 10. Nbd2 {[%clk 00:04:10]} {[%emt 00:00:13]} Qb6 {[%clk 00:04:29]}
{[%emt 00:00:02]} 11. O-O {[%clk 00:04:06]} {[%emt 00:00:06]} Be7 {[%clk
00:04:22]} {[%emt 00:00:09]} 12. Rb1 {[%clk 00:04:00]} {[%emt 00:00:08]} Qc7
{[%clk 00:04:23]} {[%emt 00:00:01]} 13. Qc2 {[%clk 00:03:34]} {[%emt 00:00:28]}
Bxa3 {[%clk 00:04:04]} {[%emt 00:00:21]} 14. Bxh6 {[%clk 00:03:29]} {[%emt
00:00:06]} gxh6 {[%clk 00:04:04]} {[%emt 00:00:03]} 15. Rb3 {[%clk 00:03:10]}
{[%emt 00:00:22]} Bf8 {[%clk 00:03:55]} {[%emt 00:00:10]} 16. Rfb1 {[%clk
00:03:04]} {[%emt 00:00:09]} b6 {[%clk 00:03:46]} {[%emt 00:00:11]} 17. Rc1
{[%clk 00:02:23]} {[%emt 00:00:42]} Rc8 {[%clk 00:03:30]} {[%emt 00:00:19]} 18.
Ba6 {[%clk 00:01:51]} {[%emt 00:00:34]} Rd8 {[%clk 00:03:18]} {[%emt 00:00:14]}
19. Bb5 {[%clk 00:01:45]} {[%emt 00:00:08]} Rc8 {[%clk 00:03:11]} {[%emt
00:00:09]} 20. Ne1 {[%clk 00:01:16]} {[%emt 00:00:31]} Qb7 {[%clk 00:03:11]}
{[%emt 00:00:02]} 21. Qd3 {[%clk 00:01:05]} {[%emt 00:00:12]} Bg7 {[%clk
00:02:59]} {[%emt 00:00:15]} 22. Ba6 {[%clk 00:01:03]} {[%emt 00:00:04]} Qc7
{[%clk 00:02:54]} {[%emt 00:00:07]} 23. Bxc8 {[%clk 00:01:03]} {[%emt
00:00:01]} Qxc8 {[%clk 00:02:55]} {[%emt 00:00:01]} 24. Rbc3 {[%clk 00:00:56]}
{[%emt 00:00:10]} O-O {[%clk 00:02:39]} {[%emt 00:00:17]} 25. Qg3 {[%clk
00:00:52]} {[%emt 00:00:05]} Kh8 {[%clk 00:02:37]} {[%emt 00:00:05]} 26. Ndf3
{[%clk 00:00:48]} Rg8 {[%clk 00:02:36]} {[%emt 00:00:09]} 27. Qf4 {[%clk
00:00:46]} Qe8 {[%clk 00:02:28]} {[%emt 00:00:15]} 28. Nd3 {[%clk 00:00:40]}
Ne7 {[%clk 00:02:26]} {[%emt 00:00:12]} 29. Rc7 {[%clk 00:00:36]} Nf5 {[%clk
00:02:16]} {[%emt 00:00:18]} 30. Rxa7 {[%clk 00:00:27]} Qe7 {[%clk 00:02:05]}
{[%emt 00:00:23]} 31. Rcc7 {[%clk 00:00:25]} Rd8 {[%clk 00:02:04]} {[%emt
00:00:08]} 1-0

[Event "World Youth & Cadets Blitz Championships"]
[Site "Rhodes, Greece"]
[Date "2022.05.03"]
[Round "5.30"]
[White "Vihaan, Anupam Agrawal"]
[Black "Ashwath, Kaushik"]
[Result "1/2-1/2"]
[TimeControl "5'/game & 2\"/move"]
[WhiteElo "1325"]
[BlackElo "1038"]

1. e4 {[%clk 00:05:03]} c5 {[%clk 00:05:03]} {[%emt 00:00:02]} 2. c3 {[%clk
00:05:03]} {[%emt 00:00:02]} Nf6 {[%clk 00:05:02]} {[%emt 00:00:03]} 3. e5
{[%clk 00:05:03]} {[%emt 00:00:02]} Nd5 {[%clk 00:05:01]} {[%emt 00:00:02]} 4.
d4 {[%clk 00:05:03]} {[%emt 00:00:02]} cxd4 {[%clk 00:05:00]} {[%emt 00:00:02]}
5. Nf3 {[%clk 00:05:02]} {[%emt 00:00:03]} Nc6 {[%clk 00:05:00]} {[%emt
00:00:03]} 6. cxd4 {[%clk 00:05:02]} {[%emt 00:00:03]} d6 {[%clk 00:04:56]}
{[%emt 00:00:05]} 7. Bc4 {[%clk 00:05:02]} {[%emt 00:00:02]} dxe5 {[%clk
00:04:54]} {[%emt 00:00:05]} 8. dxe5 {[%clk 00:04:49]} {[%emt 00:00:14]} Ndb4
{[%clk 00:04:50]} {[%emt 00:00:07]} 9. Qb3 {[%clk 00:03:50]} {[%emt 00:01:00]}
e6 {[%clk 00:04:25]} {[%emt 00:00:26]} 10. Bd2 {[%clk 00:03:14]} {[%emt
00:00:38]} Na5 {[%clk 00:03:52]} {[%emt 00:00:35]} 11. Qa4+ {[%clk 00:02:27]}
{[%emt 00:00:50]} Bd7 {[%clk 00:03:34]} {[%emt 00:00:19]} 12. Bb5 {[%clk
00:02:26]} {[%emt 00:00:04]} Bxb5 {[%clk 00:03:14]} {[%emt 00:00:22]} 13. Qxb5+
{[%clk 00:02:25]} {[%emt 00:00:03]} Nac6 {[%clk 00:03:07]} {[%emt 00:00:09]} 14.
Bxb4 {[%clk 00:01:38]} {[%emt 00:00:50]} Bxb4+ {[%clk 00:02:49]} {[%emt
00:00:20]} 15. Nbd2 {[%clk 00:01:22]} {[%emt 00:00:17]} Rb8 {[%clk 00:02:14]}
{[%emt 00:00:36]} 16. Rd1 {[%clk 00:00:55]} {[%emt 00:00:30]} Qc7 {[%clk
00:02:06]} {[%emt 00:00:10]} 17. O-O {[%clk 00:00:48]} {[%emt 00:00:10]} O-O
{[%clk 00:02:02]} {[%emt 00:00:05]} 18. a3 {[%clk 00:00:45]} {[%emt 00:00:05]}
Bxd2 {[%clk 00:01:55]} {[%emt 00:00:09]} 19. Rxd2 {[%clk 00:00:44]} {[%emt
00:00:03]} a6 {[%clk 00:01:48]} {[%emt 00:00:09]} 20. Qe2 {[%clk 00:00:45]}
{[%emt 00:00:02]} Rbd8 {[%clk 00:01:44]} {[%emt 00:00:06]} 21. Rfd1 {[%clk
00:00:46]} Rxd2 {[%clk 00:01:42]} {[%emt 00:00:03]} 22. Rxd2 {[%clk 00:00:46]}
{[%emt 00:00:02]} Rd8 {[%clk 00:01:41]} {[%emt 00:00:03]} 23. Rxd8+ {[%clk
00:00:41]} {[%emt 00:00:08]} Qxd8 {[%clk 00:01:39]} {[%emt 00:00:04]} 24. h3
{[%clk 00:00:30]} {[%emt 00:00:13]} g6 {[%clk 00:01:37]} {[%emt 00:00:03]} 25.
Qe4 {[%clk 00:00:22]} {[%emt 00:00:10]} Qd5 {[%clk 00:01:30]} {[%emt 00:00:10]}
26. Qxd5 {[%clk 00:00:16]} {[%emt 00:00:08]} exd5 {[%clk 00:01:28]} {[%emt
00:00:04]} 27. Kf1 {[%clk 00:00:17]} Kf8 {[%clk 00:01:28]} {[%emt 00:00:02]} 28.
Ke2 {[%clk 00:00:18]} {[%emt 00:00:01]} Ke7 {[%clk 00:01:29]} {[%emt 00:00:01]}
29. Ke3 {[%clk 00:00:15]} {[%emt 00:00:05]} Ke6 {[%clk 00:01:28]} {[%emt
00:00:02]} 30. Ng5+ {[%clk 00:00:13]} {[%emt 00:00:05]} Kxe5 {[%clk 00:01:25]}
{[%emt 00:00:05]} 31. Nxf7+ {[%clk 00:00:14]} {[%emt 00:00:01]} Kf6 {[%clk
00:01:21]} {[%emt 00:00:06]} 32. Nd6 {[%clk 00:00:14]} {[%emt 00:00:01]} b5
{[%clk 00:01:16]} {[%emt 00:00:08]} 33. Nb7 {[%clk 00:00:13]} {[%emt 00:00:02]}
Ke5 {[%clk 00:01:10]} {[%emt 00:00:09]} 34. Nc5 {[%clk 00:00:13]} {[%emt
00:00:02]} a5 {[%clk 00:01:09]} {[%emt 00:00:03]} 35. Nd3+ {[%clk 00:00:14]}
{[%emt 00:00:01]} Kf5 {[%clk 00:01:08]} {[%emt 00:00:03]} 36. g4+ {[%clk
00:00:14]} {[%emt 00:00:02]} Kg5 {[%clk 00:01:06]} {[%emt 00:00:04]} 37. Kf3
{[%clk 00:00:11]} {[%emt 00:00:05]} Kh4 {[%clk 00:00:58]} {[%emt 00:00:10]} 38.
Kg2 {[%clk 00:00:11]} {[%emt 00:00:02]} Kg5 {[%clk 00:00:47]} {[%emt 00:00:13]}
39. Kg3 {[%clk 00:00:12]} {[%emt 00:00:01]} h5 {[%clk 00:00:38]} {[%emt
00:00:11]} 40. f4+ {[%clk 00:00:12]} {[%emt 00:00:02]} Kf6 {[%clk 00:00:37]}
{[%emt 00:00:03]} 41. Kf3 {[%clk 00:00:11]} {[%emt 00:00:03]} hxg4+ {[%clk
00:00:20]} {[%emt 00:00:19]} 42. hxg4 {[%clk 00:00:12]} Nd4+ {[%clk 00:00:15]}
{[%emt 00:00:06]} 43. Ke3 {[%clk 00:00:13]} {[%emt 00:00:01]} Nc2+ {[%clk
00:00:16]} {[%emt 00:00:02]} 44. Kd2 {[%clk 00:00:12]} {[%emt 00:00:02]} Nd4
{[%clk 00:00:17]} {[%emt 00:00:01]} 45. Ke3 {[%clk 00:00:10]} {[%emt 00:00:04]}
Nc2+ {[%clk 00:00:18]} 46. Kd2 {[%clk 00:00:10]} {[%emt 00:00:02]} Nd4 {[%clk
00:00:18]} {[%emt 00:00:03]} 47. Ke3 {[%clk 00:00:10]} {[%emt 00:00:02]}
1/2-1/2

[Event "World Youth & Cadets Blitz Championships"]
[Site "Rhodes, Greece"]
[Date "2022.05.03"]
[Round "5.31"]
[White "Can, Isil"]
[Black "Hryzlova, Sofiia"]
[Result "0-1"]
[TimeControl "5'/game & 2\"/move"]
[WhiteElo "1687"]
[BlackElo "2021"]

1. e4 {[%clk 00:05:03]} {[%emt 00:00:01]} c5 {[%clk 00:05:03]} {[%emt
00:00:02]} 2. Nf3 {[%clk 00:05:03]} {[%emt 00:00:01]} d6 {[%clk 00:05:04]}
{[%emt 00:00:01]} 3. d4 {[%clk 00:05:04]} {[%emt 00:00:01]} cxd4 {[%clk
00:05:04]} {[%emt 00:00:03]} 4. Nxd4 {[%clk 00:05:05]} {[%emt 00:00:01]} Nf6
{[%clk 00:05:05]} {[%emt 00:00:01]} 5. Nc3 {[%clk 00:05:06]} {[%emt 00:00:01]}
a6 {[%clk 00:05:06]} {[%emt 00:00:01]} 6. a4 {[%clk 00:04:54]} {[%emt
00:00:14]} g6 {[%clk 00:05:05]} {[%emt 00:00:02]} 7. Be2 {[%clk 00:04:53]}
{[%emt 00:00:03]} Bg7 {[%clk 00:05:06]} {[%emt 00:00:02]} 8. Be3 {[%clk
00:04:54]} {[%emt 00:00:01]} Nc6 {[%clk 00:04:53]} {[%emt 00:00:15]} 9. O-O
{[%clk 00:04:49]} {[%emt 00:00:07]} O-O {[%clk 00:04:52]} {[%emt 00:00:03]} 10.
Kh1 {[%clk 00:04:28]} {[%emt 00:00:23]} Qc7 {[%clk 00:04:39]} {[%emt 00:00:14]}
11. f4 {[%clk 00:04:25]} {[%emt 00:00:05]} Bd7 {[%clk 00:03:59]} {[%emt
00:00:42]} 12. Bf3 {[%clk 00:04:08]} {[%emt 00:00:19]} Rac8 {[%clk 00:03:17]}
{[%emt 00:00:44]} 13. Nb3 {[%clk 00:03:34]} {[%emt 00:00:37]} Na5 {[%clk
00:02:11]} {[%emt 00:01:08]} 14. e5 {[%clk 00:03:02]} {[%emt 00:00:34]} dxe5
{[%clk 00:00:46]} {[%emt 00:01:27]} 15. fxe5 {[%clk 00:03:02]} {[%emt
00:00:01]} Nxb3 {[%clk 00:00:14]} {[%emt 00:00:34]} 16. exf6 {[%clk 00:03:03]}
{[%emt 00:00:01]} Nxa1 {[%clk 00:00:14]} {[%emt 00:00:02]} 17. fxg7 {[%clk
00:03:05]} Kxg7 {[%clk 00:00:15]} {[%emt 00:00:01]} 18. Qxa1 {[%clk 00:03:06]}
e6 {[%clk 00:00:11]} {[%emt 00:00:05]} 19. Bd4+ {[%clk 00:03:03]} {[%emt
00:00:05]} Kg8 {[%clk 00:00:12]} {[%emt 00:00:01]} 20. Qc1 {[%clk 00:03:01]}
{[%emt 00:00:04]} e5 {[%clk 00:00:13]} {[%emt 00:00:02]} 21. Nd5 {[%clk
00:02:59]} {[%emt 00:00:03]} Qd6 {[%clk 00:00:14]} {[%emt 00:00:02]} 22. Be3
{[%clk 00:02:53]} {[%emt 00:00:07]} Bc6 {[%clk 00:00:15]} {[%emt 00:00:02]} 23.
Nb6 {[%clk 00:02:28]} {[%emt 00:00:27]} Rcd8 {[%clk 00:00:15]} {[%emt
00:00:01]} 24. Nc4 {[%clk 00:02:19]} {[%emt 00:00:07]} Qe6 {[%clk 00:00:16]}
{[%emt 00:00:05]} 25. Bxc6 {[%clk 00:02:16]} {[%emt 00:00:05]} bxc6 {[%clk
00:00:17]} {[%emt 00:00:02]} 26. Nd2 {[%clk 00:02:15]} {[%emt 00:00:03]} f5
{[%clk 00:00:18]} 27. Bc5 {[%clk 00:02:11]} {[%emt 00:00:06]} Rfe8 {[%clk
00:00:18]} {[%emt 00:00:01]} 28. b4 {[%clk 00:02:12]} {[%emt 00:00:01]} e4
{[%clk 00:00:17]} {[%emt 00:00:03]} 29. Nb3 {[%clk 00:02:10]} {[%emt 00:00:04]}
Qc4 {[%clk 00:00:16]} {[%emt 00:00:03]} 30. Na5 {[%clk 00:01:46]} {[%emt
00:00:27]} Qe2 {[%clk 00:00:15]} {[%emt 00:00:02]} 31. Nxc6 {[%clk 00:01:44]}
{[%emt 00:00:04]} Rd2 {[%clk 00:00:15]} {[%emt 00:00:02]} 32. Rg1 {[%clk
00:01:41]} {[%emt 00:00:05]} e3 {[%clk 00:00:14]} {[%emt 00:00:04]} 33. Qb2
{[%clk 00:01:39]} {[%emt 00:00:01]} Rd1 {[%clk 00:00:14]} {[%emt 00:00:05]} 34.
Qb3+ {[%clk 00:01:38]} {[%emt 00:00:02]} Kg7 {[%clk 00:00:14]} {[%emt
00:00:02]} 35. Bd4+ {[%clk 00:01:07]} {[%emt 00:00:34]} Kh6 {[%emt 00:00:02]}
36. h3 {[%clk 00:00:52]} {[%emt 00:00:16]} Rxg1+ {[%clk 00:00:15]} {[%emt
00:00:01]} 37. Kxg1 {[%clk 00:00:53]} {[%emt 00:00:01]} Qf2+ {[%clk 00:00:16]}
38. Kh1 {[%clk 00:00:50]} {[%emt 00:00:04]} Qf1+ {[%clk 00:00:16]} {[%emt
00:00:03]} 39. Kh2 {[%clk 00:00:51]} Qf4+ {[%clk 00:00:17]} {[%emt 00:00:01]}
40. Kh1 {[%clk 00:00:52]} {[%emt 00:00:02]} e2 {[%clk 00:00:17]} 41. Bg1 {[%clk
00:00:04]} {[%emt 00:00:51]} e1=Q {[%clk 00:00:16]} {[%emt 00:00:03]} 42. Nd4
{[%clk 00:00:04]} {[%emt 00:00:02]} Qxg1+ {[%clk 00:00:13]} {[%emt 00:00:04]}
43. Kxg1 {[%clk 00:00:04]} {[%emt 00:00:02]} Re1# {[%clk 00:00:14]} {[%emt
00:00:02]} 0-1

[Event "World Youth & Cadets Blitz Championships"]
[Site "Rhodes, Greece"]
[Date "2022.05.03"]
[Round "5.32"]
[White "Nurgali, Nazerke"]
[Black "Czarnecka, Lidia"]
[Result "1-0"]
[TimeControl "5'/game & 2\"/move"]
[WhiteElo "2016"]
[BlackElo "1956"]

1. d4 {[%clk 00:05:03]} {[%emt 00:04:18]} d5 {[%clk 00:05:04]} 2. Nf3 {[%clk
00:05:04]} {[%emt 00:00:02]} Nf6 {[%clk 00:05:05]} {[%emt 00:00:01]} 3. c4
{[%clk 00:05:04]} {[%emt 00:00:01]} c6 {[%clk 00:05:06]} {[%emt 00:00:01]} 4.
Nc3 {[%clk 00:05:03]} {[%emt 00:00:02]} e6 {[%clk 00:05:07]} {[%emt 00:00:01]}
5. Bg5 {[%clk 00:05:03]} {[%emt 00:00:02]} dxc4 {[%clk 00:05:08]} {[%emt
00:00:01]} 6. e4 {[%clk 00:05:04]} b5 {[%clk 00:05:10]} 7. e5 {[%clk 00:05:05]}
h6 {[%emt 00:00:02]} 8. Bh4 {[%clk 00:05:06]} g5 {[%clk 00:05:12]} 9. exf6
{[%clk 00:05:07]} {[%emt 00:00:02]} gxh4 {[%clk 00:05:11]} {[%emt 00:00:04]} 10.
Ne5 {[%clk 00:05:08]} Bb7 {[%clk 00:04:09]} {[%emt 00:01:04]} 11. Nxf7 {[%clk
00:04:54]} {[%emt 00:00:15]} Kxf7 {[%clk 00:03:47]} {[%emt 00:00:24]} 12. Qh5+
{[%clk 00:04:55]} {[%emt 00:00:02]} Kxf6 {[%emt 00:00:01]} 13. Qxh4+ {[%emt
00:00:02]} Kf7 {[%clk 00:03:37]} {[%emt 00:00:09]} 14. Qxd8 {[%clk 00:04:54]}
{[%emt 00:00:02]} Rg8 {[%clk 00:03:35]} {[%emt 00:00:03]} 15. Qc7+ {[%clk
00:04:50]} {[%emt 00:00:06]} 1-0

[Event "World Youth & Cadets Blitz Championships"]
[Site "Rhodes, Greece"]
[Date "2022.05.03"]
[Round "5.33"]
[White "Omonova, Umida"]
[Black "Chuchukova, Stefani"]
[Result "1-0"]
[TimeControl "5'/game & 2\"/move"]
[WhiteElo "1817"]
[BlackElo "1449"]

1. e4 {[%clk 00:05:03]} d5 {[%clk 00:05:03]} {[%emt 00:00:02]} 2. exd5 {[%clk
00:05:04]} {[%emt 00:00:01]} Qxd5 {[%clk 00:05:04]} 3. Nc3 {[%clk 00:05:03]}
{[%emt 00:00:03]} Qe6+ {[%clk 00:05:06]} 4. Be2 {[%clk 00:05:01]} {[%emt
00:00:04]} Qg6 {[%clk 00:05:07]} {[%emt 00:00:01]} 5. Bf3 {[%clk 00:04:55]}
{[%emt 00:00:08]} Nc6 {[%clk 00:05:08]} 6. d3 {[%clk 00:04:53]} {[%emt
00:00:03]} Bf5 {[%clk 00:05:06]} {[%emt 00:00:05]} 7. Nge2 {[%clk 00:04:48]}
{[%emt 00:00:07]} e5 {[%clk 00:05:07]} {[%emt 00:00:01]} 8. Ng3 {[%clk
00:04:48]} {[%emt 00:00:02]} Bd7 {[%clk 00:05:03]} {[%emt 00:00:06]} 9. Bd2
{[%clk 00:04:31]} {[%emt 00:00:19]} O-O-O {[%emt 00:00:17]} 10. O-O {[%clk
00:04:19]} {[%emt 00:00:09]} f5 {[%clk 00:04:44]} {[%emt 00:00:12]} 11. Bh5
{[%emt 00:00:05]} Qf6 {[%clk 00:04:37]} {[%emt 00:00:05]} 12. Nd5 {[%clk
00:04:19]} {[%emt 00:00:02]} Qd6 {[%clk 00:04:34]} {[%emt 00:00:04]} 13. c4
{[%clk 00:04:19]} {[%emt 00:00:02]} Nf6 {[%clk 00:04:31]} {[%emt 00:00:06]} 14.
Bf3 {[%clk 00:04:11]} {[%emt 00:00:09]} Nd4 {[%emt 00:00:19]} 15. Bc3 {[%clk
00:03:46]} {[%emt 00:00:17]} Nxf3+ {[%clk 00:04:19]} {[%emt 00:00:08]} 16. Qxf3
{[%clk 00:03:47]} Nxd5 {[%clk 00:04:20]} {[%emt 00:00:01]} 17. cxd5 {[%clk
00:03:48]} {[%emt 00:00:01]} Qxd5 {[%emt 00:00:05]} 18. Qxd5 {[%clk 00:03:49]}
1-0